Statistics for Han Solo Quiz

Click here to take the quiz!

General Stats

  • This quiz has been taken 9,404 times
  • The average score is 14 of 17

Answer Stats

Hint Answer % Correct
His co-pilotChewbacca
98%
Actor who plays Han SoloHarrison Ford
97%
Name of Han's shipMillennium
Falcon
96%
Han's wife (probably)Princess Leia
95%
Species of the aboveWookiee
93%
Crime lord who Han owed money toJabba the Hutt
92%
Quote: I ain't in this for your revolution
… I'm in it for the _____
Money
89%
Bounty hunter who captured HanBoba Fett
86%
Han's profession (hint: it's not legal)Smuggling
84%
Han's two word response to "I love you"I know
82%
Han's son who became evilBen Solo,
aka Kylo Ren
77%
Han's weapon of choiceBlaster
75%
Quote: Never tell me the ____Odds
75%
Bounty hunter who Han shot
in the cantina
Greedo
70%
City in which Han was capturedCloud City
69%
Substance used to freeze HanCarbonite
69%
His ship made this run in 12 parsecsKessel Run
64%

Score Distribution

Percentile by Number Answered

Percent of People with Each Score

Your Score History

You have not taken this quiz